000 00288nam a2200121Ia 4500
999 _c14226
_d14226
008 260210s9999 xx 000 0 und d
020 _a9783038603115
082 _a711.55
100 _aIsidori
245 4 _aThe Architecture of Public Space
260 _bPark books
942 _cBPLAN
_2ddc